000 00724nam a22002417a 4500
003 OSt
005 20140310182016.0
008 121122t xxu||||| |||| 00| 0 eng d
020 _a8121907373
050 _aPR 4567
_b.D548 199-
082 _aKF
_bD55o 199
100 _aDickens, Charles
_93381
245 _aOliver Twist /
_cCharles Dickens.
260 _aNew Delhi :
_bS. Chand & Company Limited,
_cc199-.
300 _a98 p. :
_bill. ;
_c17 cm.
541 _j1
562 _e1
650 _a London (England)
_xFiction.
_96581
650 _aOrphans
_xFiction.
_96582
650 _aRobbers and outlaws
_xFiction.
_96583
650 _aGreat Britain
_vHistory
_x19th century
_xFiction.
_96584
942 _2lcc
_cBK-KF
_kKF
999 _c8246
_d8246